[Event "DVM U16 2009"]
[Site "Verden/Aller GER"]
[Date "2009.12.30"]
[Round "7"]
[White "Horbach, Marc"]
[Black "Benning, Robert"]
[Result "1/2-1/2"]
[Termination "normal"]
[Board "6.4"]
[WhiteElo "1389"]
[BlackElo "1316"]
[WhiteTeam "SV 1949 Herzogenrath"]
[BlackTeam "Schachgesellschaft Bochum 31"]
[PlyCount "80"]
[BlackFideId "1271707"]
[EventCountry "GER"]
[EventRounds "7"]
[EventType "team-swiss"]
[EventDate "2009.12.26"]

1. e4 d5 2. exd5 Nf6 3. d4 Nxd5 4. c4 Nf6 5. Nf3 Bg4 6. Be2 e6 7. O-O c5 8. Be3
Qb6 9. b3 Nc6 10. dxc5 Bxc5 11. Bxc5 Qxc5 12. Nc3 O-O 13. a3 Rfd8 14. Qc1 Rab8
15. b4 Qf5 16. Rd1 Bxf3 17. Bxf3 Ne5 18. Bxb7 Nd3 19. Qe3 Rxb7 20. Ra2 Rbd7 21.
Rad2 Ne5 22. Qxa7 Rxd2 23. Rxd2 Nf3+ 24. gxf3 Qg5+ 25. Kf1 Qxd2 26. Qc7 Re8 27.
Nb5 Qd3+ 28. Kg2 h6 29. Nd6 Rf8 30. b5 Qxa3 31. b6 Ne8 32. Nxe8 Rxe8 33. b7 Qb4
34. c5 Qb1 35. Qd7 Qg6+ 36. Kf1 Qb1+ 37. Ke2 Qc2+ 38. Kf1 Qb1+ 39. Kg2 Qg6+ 40.
Kf1 Qb1+ 1/2-1/2

[Event "DVM U16 2009"]
[Site "Verden/Aller GER"]
[Date "2009.12.30"]
[Round "7"]
[White "Viereck, Marten"]
[Black "Schulz, Anja"]
[Result "1/2-1/2"]
[Termination "normal"]
[Board "10.1"]
[WhiteElo "1933"]
[BlackElo "1996"]
[WhiteTeam "SV Dresden-Striesen"]
[BlackTeam "SV Muldental Wilkau-Haßlau"]
[PlyCount "65"]
[WhiteFideId "24692190"]
[BlackFideId "24647845"]
[EventCountry "GER"]
[EventRounds "7"]
[EventType "team-swiss"]
[EventDate "2009.12.26"]

1. Nf3 Nf6 2. g3 g6 3. Bg2 Bg7 4. O-O O-O 5. d3 d6 6. c4 c5 7. Nc3 Nc6 8. Bg5
h6 9. Bd2 Rb8 10. Qc1 Kh7 11. Ne1 a6 12. f4 e6 13. e4 Qc7 14. a4 Nd4 15. Ra3
Nd7 16. Nf3 f5 17. Nxd4 cxd4 18. Ne2 fxe4 19. dxe4 a5 20. f5 gxf5 21. exf5 Qb6
22. fxe6 d3+ 23. Be3 Rxf1+ 24. Bxf1 Nc5 25. e7 Bg4 26. Nc3 Re8 27. Nb5 Rxe7 28.
Bxd3+ Kg8 29. Bf1 h5 30. Bg2 Bh6 31. Bd5+ Kh7 32. Qc2+ Kh8 33. Bd4+ 1/2-1/2

[Event "DVM U16 2009"]
[Site "Verden/Aller GER"]
[Date "2009.12.30"]
[Round "7"]
[White "Schuffenhauer, Robert"]
[Black "Zenziper, Leo Robert"]
[Result "0-1"]
[Termination "normal"]
[Board "10.2"]
[WhiteElo "1629"]
[BlackElo "1429"]
[WhiteTeam "SV Muldental Wilkau-Haßlau"]
[BlackTeam "SV Dresden-Striesen"]
[PlyCount "68"]
[WhiteFideId "1270108"]
[EventCountry "GER"]
[EventRounds "7"]
[EventType "team-swiss"]
[EventDate "2009.12.26"]

1. d4 e6 2. c4 f5 3. Nc3 Nf6 4. e3 d5 5. Bd3 c6 6. Nge2 Bd6 7. Bd2 Ne4 8. Ng3
Qg5 9. f4 Qg6 10. Ncxe4 fxe4 11. Be2 O-O 12. Qb3 Nd7 13. Bh5 Qh6 14. O-O-O a5
15. Rdg1 a4 16. Qc2 c5 17. Bc3 b6 18. Be2 a3 19. b3 Ba6 20. cxd5 exd5 21. Bxa6
Rxa6 22. Qe2 Ra7 23. Kb1 cxd4 24. Bxd4 Bc5 25. Rd1 Bxd4 26. Rxd4 Qd6 27. Nxe4
Qg6 28. Qb5 Nf6 29. f5 Qxf5 30. Rf1 Nxe4 31. Rxf5 Nc3+ 32. Kc2 Nxb5 33. Rxf8+
Kxf8 34. Rxd5 Rc7+ 0-1

[Event "DVM U16 2009"]
[Site "Verden/Aller GER"]
[Date "2009.12.30"]
[Round "7"]
[White "Hanisch, Paul"]
[Black "Ahlswede, Christian"]
[Result "1-0"]
[Termination "normal"]
[Board "10.3"]
[WhiteElo "1361"]
[BlackElo "1437"]
[WhiteTeam "SV Dresden-Striesen"]
[BlackTeam "SV Muldental Wilkau-Haßlau"]
[PlyCount "65"]
[EventCountry "GER"]
[EventRounds "7"]
[EventType "team-swiss"]
[EventDate "2009.12.26"]

1. b3 e5 2. Bb2 Nc6 3. e3 d5 4. Bb5 Nge7 5. Bxe5 Bd7 6. Bb2 a6 7. Be2 Ng6 8. f4
Rg8 9. Nf3 Bd6 10. c4 Bf5 11. cxd5 Nb4 12. Nd4 Be4 13. a3 Bxg2 14. Rf1 Bxf1 15.
Kxf1 Nxd5 16. Nf5 Nf6 17. Bf3 Qc8 18. Nxg7+ Rxg7 19. Bxf6 Rg8 20. Bg4 Qb8 21.
h3 Be7 22. Bb2 Qd8 23. Qc2 c6 24. Nc3 Qc7 25. f5 Nf8 26. f6 Bd6 27. Qe4+ Kd8
28. Rc1 Ng6 29. Nd5 Qb8 30. Nb6 Ra7 31. Qd4 Kc7 32. Nc4 Rd8 33. Qb6# 1-0

[Event "DVM U16 2009"]
[Site "Verden/Aller GER"]
[Date "2009.12.30"]
[Round "7"]
[White "Range, Felix"]
[Black "Röbke, Martin"]
[Result "1/2-1/2"]
[Termination "normal"]
[Board "10.4"]
[WhiteElo "1274"]
[BlackElo "1265"]
[WhiteTeam "SV Muldental Wilkau-Haßlau"]
[BlackTeam "SV Dresden-Striesen"]
[PlyCount "94"]
[WhiteFideId "12905623"]
[BlackFideId "12910244"]
[EventCountry "GER"]
[EventRounds "7"]
[EventType "team-swiss"]
[EventDate "2009.12.26"]

1. e4 e5 2. Nf3 Nc6 3. Bb5 a6 4. Ba4 Nf6 5. O-O d6 6. Re1 Be7 7. c3 b5 8. Bc2
Bg4 9. d3 O-O 10. Be3 Re8 11. Nbd2 Bf8 12. Nf1 Na5 13. h3 Bd7 14. Ng3 Nb7 15.
b4 a5 16. a3 c5 17. Qd2 Qc7 18. d4 exd4 19. cxd4 cxb4 20. axb4 axb4 21. Rac1
Qa5 22. Rb1 h6 23. d5 Nc5 24. Qxb4 Qxb4 25. Rxb4 g6 26. Bd4 Bg7 27. e5 Na6 28.
Rbb1 Nxd5 29. Be4 Nab4 30. Rxb4 Nxb4 31. Bxa8 Rxa8 32. exd6 Nc2 33. Rd1 Nxd4
34. Nxd4 Rb8 35. Nb3 Bf8 36. Ne4 Bc6 37. Nbc5 Rb6 38. d7 Be7 39. d8=Q+ Bxd8 40.
Rxd8+ Kg7 41. Nd7 Bxd7 42. Rxd7 b4 43. Nd2 b3 44. Rd3 b2 45. Nb1 Rc6 46. Rc3
Rd6 47. Kh2 Rd1 1/2-1/2